[Event "IRI-ch U12"]
[Site "Chess.com INT"]
[Date "2021.01.16"]
[Round "6"]
[White "Mohammadi, Melika"]
[Black "Safdarian, Saman"]
[Result "0-1"]
[WhiteElo "1745"]
[BlackElo "1379"]
[PlyCount "70"]
[EventDate "2021.01.16"]
[EventType "swiss"]
[EventRounds "11"]
[EventCountry "IRI"]
[SourceTitle "EXT 2022"]
[Source "ChessBase"]
[SourceDate "2021.10.06"]
[SourceVersion "1"]
[SourceVersionDate "2021.10.06"]
[SourceQuality "1"]

1. e4 c5 2. Nf3 e6 3. c3 d5 4. e5 d4 5. Bc4 Nc6 6. 0-0 a6 7. a4 b6 8. d3 Bb7 9. Nbd2 g6 10. Ne4 Bg7 11. Nd6+ Ke7 12. Nxb7 Qc7 13. Nd6 Nxe5 14. Ne4 Nxc4 15. dxc4 f5 16. Ng3 h6 17. cxd4 cxd4 18. b3 d3 19. Ba3+ Kf7 20. Rc1 Rd8 21. c5 b5 22. axb5 axb5 23. Re1 Qa5 24. Ra1 d2 25. Rf1 Bxa1 26. Qxa1 Ne7 27. Rd1 Nc6 28. Nf1 Rhe8 29. b4 Qa4 30. N1xd2 Ra8 31. Bb2 Qxb4 32. Qc1 Red8 33. Re1 Ra2 34. Bc3 Qxc5 35. Nb3 Qxf2+ 0-1